01614nam a2200409 i 450000100060000000300080000600500170001400600190003100700150005000800410006502000180010603500230012403500240014703500250017103500210019604000310021705000200024808200190026810000270028724501380031426400610045230000410051333600310055433700330058533800430061850000230066150400290068458801250071359001640083865000190100265000180102165500270103970000400106679700190110685600620112599900170118745251FlNmELB20241216231701.0m o d | cr cnu||||||||140414s2008 mx ob 001 0 spa d z9789707227897 a(MiAaPQ)EBC3218742 a(Au-PeEL)EBL3218742 a(CaPaEBR)ebr10844822 a(OCoLC)992000972 aFINmELBbspaerdacFINmELB 4aHB139bQ78 20080 a330.0151952231 aQuintana Romero, Luis.10aEconometría básica :bmodelos y aplicaciones a la economía mexicana /cLuis Quintana Romero, Miguel Ángel Mendoza González. 1aMéxico D.F. :bPlaza y Valdés S. A. de C. V.,c2008. a1 recurso en línea (408 páginas) atextobtxt2rdacontent/spa acomputadorabc2rdamedia/spa arecurso en líneabcr2rdacarrier/spa aContiene índice. aContiene bibliografía. aDescripción basada en recurso en línea; Título de la página del título en PDF (e-libro, visto April 14, 2014). aRecurso electrónico. Santa Fe, Arg.: e-libro, 2015. Disponible vía World Wide Web. El acceso puede estar limitado para las bibliotecas afiliadas a e-libro. 4aEconometría. 0aEconometrics. 4aLibros electrónicos.1 aMendoza González, Miguel Ángel.2 ae-libro, Corp.40uhttps://elibro.net/ereader/politecnicointernacional/75942 c45251d45251